|
|
|
|
| LEADER |
00000nab a2200000 a 4500 |
| 001 |
vtls001503711 |
| 003 |
SK-MaSNL |
| 005 |
20260304170426.0 |
| 008 |
180222s1997 xo 000 0 slo |
| 035 |
|
|
|a SPKCL6038
|
| 040 |
|
|
|a SPKCL
|b slo
|c SNKBUCL
|d ÚIP-SPK(DH)
|e AACR2
|
| 041 |
|
|
|a slo
|
| 044 |
|
|
|a xo
|c SK
|
| 080 |
|
|
|a 373.24:301.175
|2 1981
|
| 080 |
|
|
|a 37
|2 1981
|
| 100 |
1 |
|
|a Baďuríková, Zita,
|d 1946-
|4 aut
|9 111411
|
| 245 |
1 |
0 |
|a Transformácia materskej školy v európskom kontexte
|c Zita Baďuríková
|
| 520 |
|
|
|a Vývin materských škôl v Slovenskej republike po roku 1989. Porovnanie s vývinom inštitucionálnej predškolskej výchovy v krajinách Európskej únie. Perspektívy rozvoja materských škôl.
|
| 650 |
0 |
7 |
|a predškolská výchova
|2 SNKPH
|9 3959
|
| 650 |
0 |
7 |
|a materské školy
|2 SNKPH
|9 1278
|
| 650 |
0 |
7 |
|a dejiny pedagogiky
|2 SNKPH
|9 71333
|
| 651 |
|
7 |
|a Európa
|x dejiny
|2 SNKPHgeo
|9 170615
|
| 773 |
1 |
|
|t Pedagogická revue
|g Roč. 49, č. 9-10 (1997) s. 409-417
|
| 850 |
|
|
|a Slovenská pedagogická knižnica Bratislava
|
| 852 |
|
|
|a SPKCL
|b KIS3GCP
|b 000710000
|n SK
|
| 999 |
|
|
|c 2988674
|d 2990604
|